The noble scholar, jurist, historian


 His Excellency Dr. Abdul Wahhab bin Ibrahim Abu Sulaiman, may Allah have mercy on him.


 He was born in Umm Al-Qura in the year 1356 AH.

مجموعة رسائل الشيخ عبد الله بن زيد آل محمود رئيس المحاكم الشرعية والشؤون الدينية بدولة قطر. (Record no. 6214)

MARC details
000 -LEADER
fixed length control field 01205cam a2200313 i 4500
003 - CONTROL NUMBER IDENTIFIER
control field SA-RiAUC
005 - DATE AND TIME OF LATEST TRANSACTION
control field 20250225081437.0
008 - FIXED-LENGTH DATA ELEMENTS--GENERAL INFORMATION
fixed length control field 250225s2006 su g 000r0 ara c
020 ## - INTERNATIONAL STANDARD BOOK NUMBER
International Standard Book Number 9960402622
020 ## - INTERNATIONAL STANDARD BOOK NUMBER
International Standard Book Number 9960402665
020 ## - INTERNATIONAL STANDARD BOOK NUMBER
International Standard Book Number 9960402673
020 ## - INTERNATIONAL STANDARD BOOK NUMBER
International Standard Book Number 9960402681
040 ## - CATALOGING SOURCE
Original cataloging agency SA-MaMIU
Language of cataloging ara
Transcribing agency SA-RiAUC
Description conventions rda
082 04 - DEWEY DECIMAL CLASSIFICATION NUMBER
Classification number 210.2
Assigning agency SA-RiAUC
090 ## - LOCALLY ASSIGNED LC-TYPE CALL NUMBER (OCLC); LOCAL CALL NUMBER (RLIN)
Classification number (OCLC) (R) ; Classification number, CALL (RLIN) (NR) 210.2
Local cutter number (OCLC) ; Book number/undivided call number, CALL (RLIN) ا ل م
100 1# - MAIN ENTRY--PERSONAL NAME
Personal name آل محمود، عبد الله بن زيد،
Dates associated with a name 1329-1417 هجري
Relator term مؤلف.
245 10 - TITLE STATEMENT
Title مجموعة رسائل الشيخ عبد الله بن زيد آل محمود رئيس المحاكم الشرعية والشؤون الدينية بدولة قطر.
250 ## - EDITION STATEMENT
Edition statement الطبعة الأولى.
264 #1 - PRODUCTION, PUBLICATION, DISTRIBUTION, MANUFACTURE, AND COPYRIGHT NOTICE
Place of production, publication, distribution, manufacture الرياض :
Name of producer, publisher, distributor, manufacturer مكتبة العبيكان،
Date of production, publication, distribution, manufacture, or copyright notice 2006
300 ## - PHYSICAL DESCRIPTION
Extent 3 مجلد (642 صفحة ) ؛
Dimensions 25 × 18 سم
336 ## - CONTENT TYPE
Content type term نص
Content type code txt
Source rdacontent
Materials specified كتاب
337 ## - MEDIA TYPE
Media type term بدون وسيط
Media type code n
Source rdamedia
338 ## - CARRIER TYPE
Carrier type term مجلد
Carrier type code nc
Source rdacarrier
500 ## - GENERAL NOTE
General note يتوافر بالمكتبة : مجلد 1-3.
650 #7 - SUBJECT ADDED ENTRY--TOPICAL TERM
Topical term or geographic name entry element الإسلام
Form subdivision متفرقات
Source of heading or term aucsh
856 4# - ELECTRONIC LOCATION AND ACCESS
Uniform Resource Identifier <a href="http://10.0.0.80/maisun/428.pdf">http://10.0.0.80/maisun/428.pdf</a>
942 ## - ADDED ENTRY ELEMENTS (KOHA)
Source of classification or shelving scheme Dewey Decimal Classification
Koha item type Books
Suppress in OPAC No
949 ## - LOCAL PROCESSING INFORMATION (OCLC)
a SA-JeALM
d 250225
u eid123
n 1
Holdings
Withdrawn status Lost status Source of classification or shelving scheme Materials specified (bound volume or other part) Damaged status Not for loan Home library Current library Date acquired Total checkouts Full call number Barcode Date last seen Price effective from Koha item type
    Dewey Decimal Classification المجلد الاول     DR AbdElwahab Library DR AbdElwahab Library 02/25/2025   210.2 ا ل م 000010343 02/25/2025 02/25/2025 Books
    Dewey Decimal Classification المجلد الثاني     DR AbdElwahab Library DR AbdElwahab Library 02/25/2025   210.2 ا ل م 000010344 02/25/2025 02/25/2025 Books
    Dewey Decimal Classification المجلد الثالث     DR AbdElwahab Library DR AbdElwahab Library 02/25/2025   210.2 ا ل م 000010345 02/25/2025 02/25/2025 Books